Capitals named for a person - Statistics

General Stats
  • This quiz has been taken 29 times
    11 since last reset
  • The average score is 9 of 29
Answer Stats
Year of Death Capital % Correct
1831 Monrovia
70%
mystical Rome
70%
1799 Washington
70%
mystical Athens
60%
alive Nur-Sultan
60%
biblical Santiago
60%
1852 Wellington
60%
biblical San Salvador
50%
1877 Port Moresby
40%
biblical San Jose
40%
72 Sao Tome
40%
303 St. George's
40%
1901 Victoria
40%
1702 Nassau
30%
366? San Marino
30%
biblical St. John's
30%
1820 Georgetown
20%
mystical Kiev
20%
1774 Port Louis
20%
1853 Pretoria
20%
1221 Santo Domingo
20%
1905 Brazzaville
10%
1801 Castries
10%
20th century Mbabane
10%
20th century Yamoussoukro
10%
1931 Gaborone
0%
20th century Lusaka
0%
1830 Sucre
0%
1568 Valletta
0%
No matching quizzes found
Score Distribution
Percent of People with Each Score
Percentile by Number Answered
Your Score History
You have not taken this quiz since the last reset